000
00331nam a22001457a 4500
008
221108b ||||| |||| 00| 0 eng d
020
_a
9780917360572
041
_a
eng
080
_a
32
082
_a
32 CHR
100
_a
32.1
101
_a
JURE
245
_a
STYLEBOOK AND BRIEFING PN MEDIA LAW
_c
CHRISTIAN D
942
_2
udc
_c
BK
999
_c
58796
_d
58796